|
|
|
|
| LEADER |
00000cam a2200000 7i4500 |
| 001 |
0000001441 |
| 005 |
20010627.0 |
| 020 |
0 |
0 |
|a 0889361215
|
| 090 |
0 |
0 |
|a 333.750913
|b BEN 1977
|
| 100 |
1 |
0 |
|a BENE
|h J. G.
|
| 245 |
1 |
0 |
|a Trees, food, and people : land management in the tropics
|c J. G. Bene, H. W. Beall, and A. Côté
|
| 260 |
0 |
0 |
|a Ottawa :
|b International Development Research Centre ,
|c 1977
|
| 300 |
|
|
|a 52 p. :
|b ill. ;
|c 25 cm.
|
| 500 |
0 |
0 |
|a Bibliography : (p. 51-52)
|
| 650 |
0 |
0 |
|a Forest management
|x Tropics
|
| 650 |
0 |
0 |
|a Forests and forestry
|z Tropics
|
| 700 |
0 |
1 |
|a Beall
|h H. W.
|
| 700 |
0 |
1 |
|a Côté
|h Albert
|
| 998 |
|
|
|a JPSM
|
| 999 |
|
|
|a 0000002477
|b Monograph
|c Open Shelf
|e Default branch
|